Microbiología del suelo: un enfoque exploratorio

Gespeichert in:
Bibliographische Detailangaben
1. Verfasser: Coyne, Mark
Format: Buch
Sprache:Spanisch
Veröffentlicht: Madrid, España Paraninfo 2000
Schlagworte:
Tags: Tag hinzufügen
Keine Tags, Fügen Sie den ersten Tag hinzu!

MARC

LEADER 00000nam a2200000 a 4500
001 UCK6267
003 CL-VaPUC
005 20220408074348.0
008 050909e20000000SP |||||||||||||||||spa|d
999 |c 314566  |d 314564 
020 |a 8428326487 
040 |c Pontificia Universidad Católica de Valparaíso 
082 0 4 |a 631.46 COY 2000  |2 21 
100 0 |a Coyne, Mark  |9 495350 
245 1 0 |a Microbiología del suelo: un enfoque exploratorio 
260 0 3 |a Madrid, España  |b Paraninfo  |c 2000 
300 |a 416 páginas 
583 |a last modification  |c 20050909 00:00:00  |k Rodrigo Vera 
650 0 |a Microbiología   |9 259706 
650 0 |a Suelos  |9 260322 
650 0 |a Ecología del suelo  |9 269510 
650 0 |a Microorganismos  |9 264259 
942 |c BK  |2 ddc 
945 |d 20050909 00:00:00  |a jcarroza 
952 |0 0  |1 0  |2 ddc  |4 0  |6 631_460000000000000_COY_2000  |7 0  |8 A  |9 386979  |a BIBAGR  |b BIBAGR  |d 2019-11-22  |i 4157524  |l 4  |o 631.46 COY 2000  |p 4157524  |r 2025-04-16  |s 2025-04-09  |t 2  |w 2019-11-22  |y BK  |k AGR 
952 |0 0  |1 0  |2 ddc  |4 0  |6 631_460000000000000_COY_2000  |7 0  |8 A  |9 386980  |a BIBAGR  |b BIBAGR  |d 2019-11-22  |i 4192605  |l 6  |o 631.46 COY 2000  |p 4192605  |r 2025-05-07  |s 2025-04-30  |t 1  |w 2019-11-22  |y BK  |k AGR